000 00776nam a22002055i 4500
001 157720
003 ES-MaACL
005 20250519152256.0
008 020830s1898 fr |||| | fre d
040 _aCCPB | B
_bspa
_cCCPB | B
100 1 _aLichtenberger, Henri.
_972188
245 1 0 _aRichard Wagner
_b: poète et penseur /
_cpar Henri Lichtenberger.
260 _aParis :
_bancienne Librairie Germer Baillière et C\pie\s, Félix Alcan, éditeur,
_c1898 (
_eNancy :
_fImpr. L. Kreis)
300 _a498 p. ;
_c23 cm.
490 1 _aBibliothèque de philosophie contemporaine
600 1 4 _aWagner, Richard,
_d1813-1883
_9240522
830 0 _aBibliothèque de philosophie contemporaine
_9181027
852 _aES-MaACL
_jB-6850
_z-- Enc. pasta
999 _c157720
_d157720